000
00328pab a2200145 454500
008
180718b1985 xxu||||| |||| 00| 0 eng d
100
_a
Portwood, Derek
245
_a
Career and redundancy
260
_c
1985
300
_a
449-68
362
_a
Aug.
650
_a
Career Service
773
_a
Socialogical Review
909
_a
5153
999
_c
5153
_d
5153